000 01154nam a2200301 a 4500
001 000115481
003 CHAP
005 20220329144536.0
008 190528s2018 mx a sm |||||||spa d
010 _a111942
011 _a112914
040 _cCHAP
090 _aTesis
100 1 _aPalacios Alcántara, Mireya.
_9135809
245 1 0 _aComportamiento de poblaciones de Nacobbus aberrans de diferente origen geográfico sobre plantas de jitomate cv miroma /
_h[En línea]
_cpor Mireya Palacios Alcántara.
260 _aChapingo, Méx. :
_bEl autor,
_c2018.
500 _aPara ver el contenido del material haga clic en la liga
502 _aTesis (Ing. Agr. Esp. en Parasitología Agrícola) -- UACH. Departamento de Parasitología Agrícola
590 _aBATCH-UPD
_b05
_c20190529
_lUCH01
_h1112
590 _aE8697GMM
_b05
_c20190528
_lUCH01
_h1517
590 _aE8697GMM
_b05
_c20190528
_lUCH01
_h1519
590 _aE8697GMM
_b05
_c20190529
_lUCH01
_h1111
650 1 4 _aTomate
_xEnfermedades por nemátodos.
_9113714
856 _aFinding aid
_uhttp://10.13.5.2/tesis/sist115481.pdf
_zTeclea aquí
901 _aBK
942 _cTESIS
942 _n0
999 _c111942
_d111942